|
|
|
|
| LEADER |
00000nam0a2200000 4500 |
| 001 |
344972 |
| 005 |
20231102005724.0 |
| 035 |
|
|
|a (RuTPU)RU\TPU\book\376770
|
| 035 |
|
|
|a RU\TPU\book\376769
|
| 090 |
|
|
|a 344972
|
| 100 |
|
|
|a 20200625d1904 m y0rusy50 ca
|
| 101 |
0 |
|
|a rus
|
| 102 |
|
|
|a RU
|
| 105 |
|
|
|a a j 000zy
|
| 200 |
1 |
|
|a Курс строительного искусства в связи с расчетами устойчивости и прочности сооружений
|e в 10 ч.
|h Ч. VII : Отопление и вентиляция
|i I : Местное отопление
|i II : Вентиляция помещений
|i III : Центральное отопление
|f А. А. Полещук
|
| 210 |
|
|
|a Санкт-Петербург
|c Паровая скоропечатня П. О. Яблонского
|d 1904
|
| 215 |
|
|
|a 309 с.
|c ил.
|
| 606 |
1 |
|
|a Строительное дело
|2 stltpush
|3 (RuTPU)RU\TPU\subj\57263
|9 75125
|
| 606 |
1 |
|
|a Отопительно-вентиляционные системы
|2 stltpush
|3 (RuTPU)RU\TPU\subj\47754
|9 66665
|
| 610 |
1 |
|
|a учебные пособия
|
| 610 |
1 |
|
|a местное отопление
|
| 610 |
1 |
|
|a вентиляция
|
| 610 |
1 |
|
|a центральное отопление
|
| 610 |
1 |
|
|a теплота
|
| 610 |
1 |
|
|a источники
|
| 610 |
1 |
|
|a печи
|
| 610 |
1 |
|
|a дымовые трубы
|
| 610 |
1 |
|
|a естественная вентиляция
|
| 610 |
1 |
|
|a искусственная вентиляция
|
| 610 |
1 |
|
|a водяное отопление
|
| 610 |
1 |
|
|a очаги
|
| 675 |
|
|
|a 69(075)
|v 4
|
| 675 |
|
|
|a 697(075)
|v 4
|
| 700 |
|
1 |
|a Полещук
|b А. А.
|
| 801 |
|
1 |
|a RU
|b 63413507
|c 20160728
|
| 801 |
|
2 |
|a RU
|b 63413507
|c 20200626
|g RCR
|
| 942 |
|
|
|c BK
|